[Event "22nd European Teams"]
[Site "Batumi GEO"]
[Date "2019.11.02"]
[Round "9.15"]
[Board "1"]
[White "Vocaturo, Daniele"]
[Black "Georgiev, Kiril"]
[Result "1-0"]
[WhiteTitle "GM"]
[BlackTitle "GM"]
[WhiteElo "2620"]
[BlackElo "2577"]
[WhiteTeam "Italy"]
[BlackTeam "Republic of North Macedonia"]
[WhiteFideId "813192"]
[BlackFideId "2900017"]
[EventDate "2019.10.24"]

1. e4 e5 2. Nf3 Nc6 3. d4 exd4 4. Nxd4 Nf6 5. Nxc6 bxc6 6. e5 Qe7 7. Qe2 Nd5 8.
c4 Nb6 9. Nc3 Bb7 10. Bd2 O-O-O 11. O-O-O f6 12. exf6 Qxf6 13. h4 Qf7 14. Rh3
Bb4 15. Rf3 Qg6 16. Rg3 Qf7 17. Qg4 Rhf8 18. Bd3 h5 19. Qxg7 Qxf2 20. Kb1 c5 21.
Be3 Qf7 22. Qxf7 Rxf7 23. Ne2 d5 24. Bg6 Re7 25. Bxh5 Rh8 26. Bg4+ Kb8 27. a3
Bc8 28. Bxc8 Kxc8 29. Nf4 d4 30. Bxd4 cxd4 31. axb4 Nxc4 32. Rxd4 Nd6 33. Ng6
Re1+ 34. Ka2 Rh6 35. Rg5 Re4 36. Rxe4 Nxe4 37. Ne7+ Kd8 38. Rg7 Rxh4 39. Nc6+
Kc8 40. Nxa7+ Kb8 41. Nb5 c5 42. Re7 Nf2 43. bxc5 Nd3 44. Nc3 Nxc5 45. Re3 Kb7
46. Ka3 Rh2 47. g3 Nd7 48. b3 Rh5 49. Kb4 Rg5 50. Ne4 Rg4 51. Kb5 Kc7 52. b4 Ne5
53. Nf6 Rg5 54. Rc3+ Nc6+ 55. Rc5 Rxc5+ 56. Kxc5 Ne5 57. Nd5+ Kd7 58. b5 Nd3+
59. Kd4 Nf2 60. Nc3 Ng4 61. Ne4 Kc7 62. Kc5 Kb8 63. b6 Ne5 64. Nd6 Nd7+ 65. Kc6
Ne5+ 66. Kb5 Ng4 67. Ka6 Ne5 68. Kb5 Ng4 69. Nc4 Kb7 70. Na5+ Kb8 71. Ka6 Ne5
72. g4 Ka8 73. g5 Nd7 74. g6 Nc5+ 75. Kb5 Ne6 76. Kc6 Kb8 77. Kd6 Ng7 78. Ke7 1-0

[Event "22nd European Teams"]
[Site "Batumi GEO"]
[Date "2019.11.02"]
[Round "9.15"]
[Board "2"]
[White "Pancevski, Filip"]
[Black "Moroni, Luca Jr"]
[Result "1/2-1/2"]
[WhiteTitle "IM"]
[BlackTitle "GM"]
[WhiteElo "2490"]
[BlackElo "2553"]
[WhiteTeam "Republic of North Macedonia"]
[BlackTeam "Italy"]
[WhiteFideId "15002187"]
[BlackFideId "865834"]
[EventDate "2019.10.24"]

1. c4 e6 2. g3 d5 3. Nf3 Nf6 4. Bg2 dxc4 5. Qa4+ Bd7 6. Qxc4 c5 7. Ne5 Qc8 8.
Qd3 Nc6 9. Nxd7 Nxd7 10. Qb5 a6 11. Qa4 Nd4 12. Nc3 Be7 13. O-O O-O 14. Qd1 Qc7
15. b3 Rac8 16. Bb2 b5 17. d3 Rfd8 18. Rc1 Qb6 19. e3 Nc6 20. Qe2 Nf6 21. Rfd1
Rd7 22. Ne4 Nd5 23. Qg4 g6 24. Qe2 Rcd8 25. a3 f5 26. Nc3 Nf6 27. Nb1 Na5 28. b4
Nb3 29. bxc5 Nxc5 30. Bxf6 Bxf6 31. d4 Ne4 32. Bxe4 fxe4 33. Nc3 Be7 34. Nxe4
Rc7 35. Rxc7 Qxc7 36. Qg4 Qc6 37. Ng5 e5 38. Nf3 exd4 39. Nxd4 Qc4 40. h4 Bxa3
41. h5 Qf7 42. hxg6 hxg6 43. Rd3 Be7 44. Rc3 Rf8 45. f4 Bf6 46. Rc6 Bxd4 47.
exd4 Kg7 48. Rxa6 b4 49. d5 Rd8 50. f5 Qxf5 51. Qd4+ Kg8 52. Ra7 Qb1+ 53. Kg2
Qc2+ 54. Kh3 Qf5+ 55. g4 Qf3+ 56. Kh2 Qe2+ 57. Kg1 Qe1+ 58. Kg2 Qe2+ 59. Kg3
Qe1+ 60. Kf4 Qc1+ 61. Kg3 Qc3+ 62. Qxc3 bxc3 63. Rc7 1/2-1/2

[Event "22nd European Teams"]
[Site "Batumi GEO"]
[Date "2019.11.02"]
[Round "9.15"]
[Board "3"]
[White "Valsecchi, Alessio"]
[Black "Nikolovski, Nikola"]
[Result "1-0"]
[WhiteTitle "GM"]
[BlackTitle "IM"]
[WhiteElo "2504"]
[BlackElo "2424"]
[WhiteTeam "Italy"]
[BlackTeam "Republic of North Macedonia"]
[WhiteFideId "818860"]
[BlackFideId "15002314"]
[EventDate "2019.10.24"]

1. e4 c5 2. Nf3 d6 3. Bb5+ Nd7 4. c3 Nf6 5. Qe2 a6 6. Ba4 e6 7. O-O Be7 8. d4 b5
9. Bc2 Bb7 10. Re1 Qb6 11. Nbd2 h6 12. Nf1 g5 13. dxc5 dxc5 14. e5 Nd5 15. c4 g4
16. cxd5 gxf3 17. Qxf3 Bxd5 18. Be4 Qc6 19. a4 Nb6 20. axb5 axb5 21. Rxa8+ Nxa8
22. Ng3 Nc7 23. Rd1 c4 24. Qg4 b4 25. Qg7 Rf8 26. Qh7 Bg5 27. Bxg5 hxg5 28. Nh5
c3 29. bxc3 bxc3 30. Bc2 Qc5 31. Nf6+ Kd8 32. Ne4 Qb4 33. Qg7 Kd7 34. Qxg5 Kc6
35. Rb1 Qd4 36. Qe7 Qxe5 37. Ba4+ 1-0

[Event "22nd European Teams"]
[Site "Batumi GEO"]
[Date "2019.11.02"]
[Round "9.15"]
[Board "4"]
[White "Lazov, Toni"]
[Black "Sonis, Francesco"]
[Result "1-0"]
[WhiteTitle "FM"]
[BlackTitle "IM"]
[WhiteElo "2393"]
[BlackElo "2475"]
[WhiteTeam "Republic of North Macedonia"]
[BlackTeam "Italy"]
[WhiteFideId "15000770"]
[BlackFideId "895733"]
[EventDate "2019.10.24"]

1. e4 e5 2. Nf3 Nc6 3. Bc4 Bc5 4. O-O Nf6 5. d3 a6 6. a4 Ba7 7. c3 h6 8. Re1 d6
9. b4 g5 10. Be3 Nh5 11. b5 Na5 12. Bxa7 Nxc4 13. dxc4 Rxa7 14. Nxe5 dxe5 15.
Qxh5 Qd3 16. h4 Rg8 17. hxg5 hxg5 18. Qh7 Kf8 19. Qh6+ Ke7 20. Qh7 Kf8 21. b6
Ra8 22. c5 Be6 23. Na3 Ke7 24. bxc7 Qd7 25. Nc2 Kf6 26. Rad1 Qxc7 27. Ne3 Qc8
28. Rd6 Ke7 29. Nf5+ Kf6 30. Nh6 Ke7 31. Nxg8+ Qxg8 32. Qxg8 Rxg8 33. Rb1 Bc8
34. Rdb6 Rd8 35. c6 bxc6 36. Rxc6 Be6 37. Rxa6 Rc8 38. a5 Rxc3 39. Ra1 Rc4 40.
Rb6 Rxe4 41. a6 Bd5 42. a7 Rg4 43. g3 1-0

[Event "22nd European Teams"]
[Site "Batumi GEO"]
[Date "2019.11.02"]
[Round "9.16"]
[Board "1"]
[White "Iordachescu, Viorel"]
[Black "Tutisani, Noe"]
[Result "1-0"]
[WhiteTitle "GM"]
[BlackTitle "IM"]
[WhiteElo "2602"]
[BlackElo "2412"]
[WhiteTeam "Moldova"]
[BlackTeam "Georgia 2"]
[WhiteFideId "13900200"]
[BlackFideId "13602853"]
[EventDate "2019.10.24"]

1. e4 e5 2. Nf3 Nc6 3. Bc4 Bc5 4. c3 Nf6 5. d3 a5 6. Bg5 h6 7. Bh4 d6 8. Nbd2 g5
9. Bg3 O-O 10. h3 Ba7 11. Nh2 h5 12. Nhf3 Nh7 13. Nf1 h4 14. Bh2 Ne7 15. d4 Ng6
16. Ne3 c6 17. O-O Qf6 18. Re1 Re8 19. Bf1 Nf4 20. Kh1 Nf8 21. Ng4 Bxg4 22. hxg4
N8e6 23. g3 Ng6 24. gxh4 Nxh4 25. Nxh4 gxh4 26. g5 Qg7 27. Bh3 Nf4 28. Bxf4 exf4
29. Bf5 c5 30. d5 Re7 31. Rg1 Kf8 32. Qf3 Ke8 33. Qxf4 Qe5 34. Qxe5 Rxe5 35. g6
Kf8 36. c4 Re7 37. Rg4 Kg7 38. Rag1 Rh8 39. gxf7+ Kxf7 40. Be6+ Kf6 41. f4 Reh7
42. Bf5 1-0

[Event "22nd European Teams"]
[Site "Batumi GEO"]
[Date "2019.11.02"]
[Round "9.16"]
[Board "2"]
[White "Petriashvili, Nikoloz"]
[Black "Macovei, Andrei"]
[Result "0-1"]
[WhiteTitle "IM"]
[BlackTitle "IM"]
[WhiteElo "2441"]
[BlackElo "2426"]
[WhiteTeam "Georgia 2"]
[BlackTeam "Moldova"]
[WhiteFideId "13611216"]
[BlackFideId "13904680"]
[EventDate "2019.10.24"]

1. Nf3 d5 2. c4 e6 3. g3 Nf6 4. Bg2 Be7 5. O-O O-O 6. d4 dxc4 7. Qc2 a6 8. a4 c5
9. dxc5 Bxc5 10. Qxc4 b6 11. Ne5 Ra7 12. Nc3 Bb7 13. Bg5 Bxg2 14. Kxg2 Qd4 15.
Qxd4 Bxd4 16. Nd3 Bxc3 17. bxc3 Rc7 18. a5 bxa5 19. Bxf6 gxf6 20. Rxa5 Rxc3 21.
Rb1 Rfc8 22. Ra4 Nd7 23. Rb7 Nc5 24. Nxc5 R3xc5 25. Rxa6 R5c7 26. Rbb6 Rc2 27.
e3 Kg7 28. g4 R8c4 29. Kg3 Rc1 30. h3 Rc7 31. Rd6 R1c2 32. Rd8 Rc8 33. Rdd6 R8c7
34. Rab6 Rc8 35. h4 Rc1 36. Rb7 R1c7 37. Rd7 Rxb7 38. Rxb7 h6 39. f4 Rc3 40. Kf3
Rc1 41. Rb2 Rf1+ 42. Rf2 Rh1 43. Kg3 Re1 44. Kf3 Rh1 45. h5 Rh3+ 46. Kg2 Rxe3
47. Rb2 Rd3 48. Rb5 f5 49. g5 Rd4 50. gxh6+ Kxh6 51. Kf3 Kxh5 52. Rb7 Kg6 53.
Re7 Rd3+ 54. Kf2 Rd8 55. Kf3 Kf6 56. Ra7 Re8 57. Ra1 Re7 58. Rg1 Rd7 59. Ra1 Ke7
60. Ke3 f6 61. Ra5 Rb7 62. Ra4 Kf7 63. Kf3 Rd7 64. Ra5 Rd4 65. Ra7+ Kg6 66. Ra6
Re4 67. Kg3 Kh5 68. Ra1 e5 69. Rh1+ Kg6 70. Rf1 Re3+ 71. Kh4 e4 72. Rg1+ Kf7 73.
Rf1 Ke6 74. Rf2 Rf3 75. Ra2 Rxf4+ 76. Kg3 Rf3+ 77. Kg2 Rd3 0-1

[Event "22nd European Teams"]
[Site "Batumi GEO"]
[Date "2019.11.02"]
[Round "9.16"]
[Board "3"]
[White "Svetushkin, Dmitry"]
[Black "Sibashvili, Giorgi"]
[Result "0-1"]
[WhiteTitle "GM"]
[BlackTitle "IM"]
[WhiteElo "2534"]
[BlackElo "2382"]
[WhiteTeam "Moldova"]
[BlackTeam "Georgia 2"]
[WhiteFideId "13900463"]
[BlackFideId "13602799"]
[EventDate "2019.10.24"]

1. e4 e6 2. d3 d5 3. Qe2 Nf6 4. Nf3 Be7 5. g3 b6 6. e5 Nfd7 7. Bg2 c5 8. c4 Bb7
9. Nc3 d4 10. Ne4 Nc6 11. Bf4 Qc7 12. O-O O-O 13. Rfe1 Rae8 14. h4 Ncxe5 15.
Nxe5 Nxe5 16. Qh5 f6 17. Ng5 fxg5 18. Bxe5 Qd7 19. hxg5 Bxg2 20. Kxg2 Qc6+ 21.
Re4 Rf5 22. f4 Bxg5 23. Rh1 Bh6 24. Qf3 Ref8 25. Re2 Qxf3+ 26. Kxf3 Bg5 27. Bd6
Rd8 28. Rxe6 Rf6 29. Rxf6 Bxf6 30. Be5 Bxe5 31. fxe5 h6 32. Ke4 Kf7 33. Kf5 Rf8
34. g4 Ke7+ 35. Kg6 Rf4 36. Rg1 Kf8 37. Re1 Rxg4+ 38. Kf5 Rg3 39. Ke6 Ke8 40.
Kd6 Rxd3 41. e6 Rf3 42. Rg1 g5 43. Rh1 Rf6 44. a3 d3 45. b4 Rf4 46. bxc5 Rd4+
47. Ke5 bxc5 48. Rxh6 d2 49. Rh8+ Ke7 50. Rh7+ Kd8 51. Rh8+ Kc7 52. e7 d1=Q 53.
e8=Q Qe2+ 54. Kf6 Qf3+ 55. Kg7 Rd7+ 56. Kg6 Rd6+ 57. Kxg5 Qf6+ 0-1

[Event "22nd European Teams"]
[Site "Batumi GEO"]
[Date "2019.11.02"]
[Round "9.16"]
[Board "4"]
[White "Oboladze, Luka"]
[Black "Hamitevici, Vladimir"]
[Result "1-0"]
[WhiteTitle "FM"]
[BlackTitle "GM"]
[WhiteElo "2336"]
[BlackElo "2472"]
[WhiteTeam "Georgia 2"]
[BlackTeam "Moldova"]
[WhiteFideId "13608207"]
[BlackFideId "13902393"]
[EventDate "2019.10.24"]

1. d4 Nf6 2. c4 e6 3. g3 d5 4. Bg2 Be7 5. Nf3 O-O 6. O-O c6 7. Nc3 Nbd7 8. Qd3
b6 9. e4 Ba6 10. b3 Rc8 11. e5 Ne8 12. a4 c5 13. Nb5 cxd4 14. Qxd4 Nc5 15. Qe3
dxc4 16. bxc4 Nc7 17. Nfd4 Bxb5 18. axb5 a6 19. Nc6 Qd7 20. Qd2 Qe8 21. Nxe7+
Qxe7 22. Qd6 Rfe8 23. Qxb6 Rb8 24. Qc6 axb5 25. Ra7 N5a6 26. cxb5 Rxb5 27. Rxa6
Rc5 28. Qb6 Nxa6 29. Ba3 Qc7 30. Bxc5 Qxc5 31. Qxa6 Qxe5 32. Rc1 g6 33. Rc8 Rxc8
34. Qxc8+ Kg7 35. Bf3 h5 36. Qc4 Kf8 37. Kg2 Kg7 38. Qe4 Qa1 39. Be2 Qb2 40. Bf3
Qa1 41. Qb7 Qf6 42. Qb4 Qe5 43. Bc6 Kg8 44. Qe4 Qc5 45. Ba4 Qc3 46. Qf3 Qb4 47.
Be8 Qe7 48. Qa8 Qf6 49. Qb8 Qa1 50. Qb7 Qf6 51. Qc7 Kf8 52. Bc6 Qd4 53. Qd7 Qe5
54. Qd2 Kg7 55. Qe3 Qa1 56. Qf4 Kg8 57. h3 Kg7 58. g4 hxg4 59. hxg4 Kf8 60. g5
Qc3 61. Qd6+ Kg8 62. Be4 Kg7 63. Qf4 Qd4 64. Qe3 Qb2 65. Bc6 Kg8 66. Qf4 Kg7 67.
Be8 Qb7+ 68. Kg3 Qe7 69. Qxf7+ Qxf7 70. Bxf7 Kxf7 71. Kf4 1-0

[Event "22nd European Teams"]
[Site "Batumi GEO"]
[Date "2019.11.02"]
[Round "9.17"]
[Board "1"]
[White "Djukic, Nikola"]
[Black "Hovhannisyan, Mher"]
[Result "1/2-1/2"]
[WhiteTitle "GM"]
[BlackTitle "GM"]
[WhiteElo "2517"]
[BlackElo "2439"]
[WhiteTeam "Montenegro"]
[BlackTeam "Belgium"]
[WhiteFideId "922412"]
[BlackFideId "13300865"]
[EventDate "2019.10.24"]

1. e4 e6 2. d4 d5 3. Nc3 Nf6 4. e5 Nfd7 5. f4 c5 6. Nf3 Nc6 7. Be3 cxd4 8. Nxd4
Qb6 9. Be2 Nxd4 10. Bxd4 Bc5 11. Bxc5 Qxc5 12. Qd2 a6 13. Nd1 O-O 14. c3 f6 15.
exf6 Nxf6 16. Qe3 b6 17. O-O a5 18. Qd4 Ba6 19. Bxa6 Rxa6 20. Ne3 Qxd4 21. cxd4
Raa8 22. Rac1 Rac8 23. f5 Kf7 24. h3 Ke7 25. g4 Ne4 26. fxe6 Rxf1+ 27. Rxf1 Kxe6
28. Rf5 Rc1+ 29. Kg2 Rb1 30. Re5+ Kf7 31. Rf5+ Ke6 32. Re5+ Kf7 33. Rf5+ Ke6 34.
Re5+ 1/2-1/2

[Event "22nd European Teams"]
[Site "Batumi GEO"]
[Date "2019.11.02"]
[Round "9.17"]
[Board "2"]
[White "Dardha, Daniel"]
[Black "Blagojevic, Dragisa"]
[Result "1-0"]
[WhiteTitle "FM"]
[BlackTitle "GM"]
[WhiteElo "2433"]
[BlackElo "2500"]
[WhiteTeam "Belgium"]
[BlackTeam "Montenegro"]
[WhiteFideId "240990"]
[BlackFideId "900885"]
[EventDate "2019.10.24"]

1. Nf3 d5 2. g3 c6 3. Bg2 Bg4 4. c4 e6 5. cxd5 Bxf3 6. Bxf3 cxd5 7. d4 Nc6 8.
O-O Nf6 9. Nc3 Be7 10. e3 O-O 11. Qe2 Qd7 12. Bd2 Rac8 13. Rfd1 Rfd8 14. Be1 Bf8
15. Rac1 Ne7 16. Bg2 g6 17. f3 Bg7 18. e4 dxe4 19. fxe4 Ne8 20. Bf2 b6 21. Kh1
e5 22. d5 Nd6 23. g4 Kh8 24. g5 Ng8 25. Rf1 h6 26. Bh4 Rf8 27. Rg1 hxg5 28. Bxg5
Bf6 29. Be3 Kg7 30. Rcf1 Qe7 31. Bh3 Rc7 32. Qf3 Bh4 33. Qh5 Rxc3 34. bxc3 Nxe4
35. Rg4 Bg5 36. Rxg5 Nxg5 37. Qxg5 1-0

[Event "22nd European Teams"]
[Site "Batumi GEO"]
[Date "2019.11.02"]
[Round "9.17"]
[Board "3"]
[White "Kosic, Dragan"]
[Black "Beukema, Stefan"]
[Result "1-0"]
[WhiteTitle "GM"]
[BlackTitle "IM"]
[WhiteElo "2478"]
[BlackElo "2380"]
[WhiteTeam "Montenegro"]
[BlackTeam "Belgium"]
[WhiteFideId "900290"]
[BlackFideId "1024523"]
[EventDate "2019.10.24"]

1. d4 f5 2. g3 Nf6 3. Bg2 d6 4. Nf3 g6 5. O-O Bg7 6. c4 O-O 7. Nc3 c6 8. b3 Na6
9. Bb2 Qe8 10. d5 e5 11. dxc6 e4 12. cxb7 Bxb7 13. Nd4 d5 14. cxd5 Nxd5 15. Nxd5
Bxd5 16. Qd2 Rd8 17. Rfd1 Rf7 18. Qa5 Bb7 19. Nb5 Rxd1+ 20. Rxd1 Bxb2 21. Rd8
Qxd8 22. Qxd8+ Rf8 23. Qe7 Rf7 24. Qe8+ Rf8 25. Qe6+ Kg7 26. Nd6 Ba8 27. Ne8+
Kh8 28. Qe7 Rg8 29. Nf6 1-0

[Event "22nd European Teams"]
[Site "Batumi GEO"]
[Date "2019.11.02"]
[Round "9.17"]
[Board "4"]
[White "Lenaerts, Lennert"]
[Black "Draskovic, Luka"]
[Result "0-1"]
[WhiteTitle "FM"]
[BlackTitle "IM"]
[WhiteElo "2333"]
[BlackElo "2460"]
[WhiteTeam "Belgium"]
[BlackTeam "Montenegro"]
[WhiteFideId "211435"]
[BlackFideId "944335"]
[EventDate "2019.10.24"]

1. d4 d6 2. c4 e5 3. d5 Be7 4. Nc3 Bg5 5. Nf3 Bxc1 6. Rxc1 Nf6 7. e4 O-O 8. g3
Na6 9. Bg2 Nc5 10. Qe2 a5 11. O-O c6 12. Nd2 cxd5 13. exd5 Bf5 14. Nde4 Nfxe4
15. Nxe4 Bxe4 16. Bxe4 f5 17. Bg2 Qf6 18. Rc3 Rae8 19. b3 e4 20. Qc2 g5 21. a3
a4 22. b4 Nb3 23. Re3 b6 24. Rfe1 g4 25. Kh1 Rc8 26. h3 h5 27. hxg4 hxg4 28.
Bxe4 Nd4 29. Qd1 Qh8+ 30. Kg2 Qh3+ 31. Kg1 fxe4 32. Qxd4 Rxf2 33. Qxe4 Qh2# 0-1

[Event "22nd European Teams"]
[Site "Batumi GEO"]
[Date "2019.11.02"]
[Round "9.18"]
[Board "1"]
[White "Stefansson, Hannes"]
[Black "Saraci, Nderim"]
[Result "1/2-1/2"]
[WhiteTitle "GM"]
[BlackTitle "IM"]
[WhiteElo "2541"]
[BlackElo "2396"]
[WhiteTeam "Iceland"]
[BlackTeam "Kosovo"]
[WhiteFideId "2300087"]
[BlackFideId "6351921"]
[EventDate "2019.10.24"]

1. d4 Nf6 2. c4 e6 3. Nf3 d5 4. g3 Be7 5. Bg2 O-O 6. Qc2 dxc4 7. Qxc4 a6 8. Qc2
b5 9. Bf4 Bd6 10. Ne5 Nd5 11. Nc3 Bb7 12. Nxd5 Bxd5 13. Bxd5 Bb4+ 14. Bd2 Qxd5
15. O-O Bxd2 16. Qxd2 c5 17. Rfd1 Nc6 18. Nxc6 Qxc6 19. dxc5 Qxc5 20. Rac1 Qe5
21. b4 h6 22. Rc6 Qe4 23. Rd6 a5 24. Rd4 Qe5 25. a3 axb4 26. axb4 Rfc8 27. Rd7
Ra1 28. Rxa1 Qxa1+ 29. Kg2 Qe5 30. Qd3 Rb8 31. Qf3 f5 32. Qc6 Qxe2 33. Re7 f4
34. Qxe6+ Qxe6 35. Rxe6 fxg3 36. hxg3 Kf7 37. Re5 Kf6 38. Rc5 Ke6 39. f4 g6 40.
g4 Kd6 41. Kf3 Rb7 42. Kg3 Rb8 43. Kh4 Rf8 44. f5 gxf5 45. gxf5 Rg8 46. Rxb5 Ke7
47. Rb6 Rg5 48. f6+ Kf7 49. b5 Kg6 50. f7+ 1/2-1/2

[Event "22nd European Teams"]
[Site "Batumi GEO"]
[Date "2019.11.02"]
[Round "9.18"]
[Board "2"]
[White "Makolli, Perparim"]
[Black "Kjartansson, Gudmundur"]
[Result "0-1"]
[WhiteTitle "FM"]
[BlackTitle "IM"]
[WhiteElo "2241"]
[BlackElo "2459"]
[WhiteTeam "Kosovo"]
[BlackTeam "Iceland"]
[WhiteFideId "908630"]
[BlackFideId "2301318"]
[EventDate "2019.10.24"]

1. e4 e6 2. d4 d5 3. Nd2 Be7 4. Ngf3 Nf6 5. Bd3 c5 6. e5 Nfd7 7. c3 Nc6 8. O-O
g5 9. Bb1 b6 10. Kh1 Ba6 11. Re1 h5 12. Nf1 g4 13. Ng1 Qc7 14. f4 O-O-O 15. f5
Bh4 16. g3 Be7 17. Ne3 h4 18. Nxg4 hxg3 19. f6 Bxf6 20. h3 g2+ 21. Kxg2 Bh4 22.
Re3 Rdg8 23. Rf3 f5 24. Bxf5 exf5 25. Rxf5 cxd4 26. cxd4 Nxd4 27. Qxd4 Qc2+ 0-1

[Event "22nd European Teams"]
[Site "Batumi GEO"]
[Date "2019.11.02"]
[Round "9.18"]
[Board "3"]
[White "Gretarsson, Helgi Ass"]
[Black "Uruci, Endrit"]
[Result "1-0"]
[WhiteTitle "GM"]
[WhiteElo "2410"]
[BlackElo "2237"]
[WhiteTeam "Iceland"]
[BlackTeam "Kosovo"]
[WhiteFideId "2300699"]
[BlackFideId "22100199"]
[EventDate "2019.10.24"]

1. Nf3 c5 2. c4 g6 3. g3 Bg7 4. Bg2 Nc6 5. Nc3 d6 6. O-O e5 7. a3 Nge7 8. Rb1 a5
9. Ne1 Be6 10. d3 O-O 11. Nc2 Rb8 12. Bg5 f6 13. Bd2 Qd7 14. Ne3 Nd4 15. Ned5
Nxd5 16. Nxd5 a4 17. Nb6 Qe8 18. b4 axb3 19. e3 Qd8 20. Nd5 Nc6 21. Qxb3 f5 22.
Qb6 Rf7 23. a4 Ra8 24. Qxd8+ Nxd8 25. a5 Nc6 26. Rb5 Bh6 27. Rfb1 Ra7 28. Bc3
Bg5 29. Nb6 Rc7 30. f4 Bh6 31. Nd5 Rf7 32. Rb6 Bc8 33. fxe5 dxe5 34. R6b5 Bf8
35. Nb6 Be6 36. Bd5 Bxd5 37. cxd5 Nb4 38. Bxe5 Bh6 39. Bf4 Bxf4 40. gxf4 Rf6 41.
Rxc5 1-0

[Event "22nd European Teams"]
[Site "Batumi GEO"]
[Date "2019.11.02"]
[Round "9.18"]
[Board "4"]
[White "Idrizaj, Abedin"]
[Black "Ragnarsson, Dagur"]
[Result "1/2-1/2"]
[BlackTitle "FM"]
[WhiteElo "2231"]
[BlackElo "2388"]
[WhiteTeam "Kosovo"]
[BlackTeam "Iceland"]
[WhiteFideId "4672046"]
[BlackFideId "2304058"]
[EventDate "2019.10.24"]

1. e4 e6 2. d4 d5 3. Nd2 c5 4. c3 cxd4 5. cxd4 dxe4 6. Nxe4 Nf6 7. Nc3 Bd6 8.
Nf3 O-O 9. Be2 Nc6 10. O-O b6 11. Bg5 Be7 12. Qa4 Bb7 13. Rfd1 Nd5 14. Bxe7
Ncxe7 15. Nxd5 Qxd5 16. Rac1 Qd6 17. Ne5 Rfd8 18. Bf3 Bxf3 19. Nxf3 a6 20. h3 b5
21. Qc2 Rac8 22. Qe4 Qd5 23. Qxd5 Nxd5 24. g3 f6 25. Kf1 Kf7 26. Ke2 Ke7 27. Kd2
Kd6 28. h4 a5 29. Ne1 Rc4 30. Rxc4 bxc4 31. Rc1 Rc8 32. a3 Nb6 33. Rc2 Kd5 34.
Ke3 Rb8 35. Ng2 e5 36. dxe5 fxe5 37. Rd2+ Ke6 38. Ke4 Rc8 39. Ne3 Rc5 40. Nf5 1/2-1/2

[Event "22nd European Teams"]
[Site "Batumi GEO"]
[Date "2019.11.02"]
[Round "9.19"]
[Board "1"]
[White "Mehmeti, Dritan"]
[Black "Pultinevicius, Paulius"]
[Result "1-0"]
[WhiteTitle "IM"]
[BlackTitle "IM"]
[WhiteElo "2359"]
[BlackElo "2503"]
[WhiteTeam "Albania"]
[BlackTeam "Lithuania"]
[WhiteFideId "4700600"]
[BlackFideId "12809390"]
[EventDate "2019.10.24"]

1. d4 Nf6 2. Bg5 e6 3. e4 h6 4. Bxf6 Qxf6 5. c3 d5 6. Nd2 c5 7. e5 Qd8 8. Ngf3
Bd7 9. dxc5 a5 10. Bd3 Na6 11. O-O Nxc5 12. Bc2 b5 13. Nd4 Qb6 14. f4 b4 15. Kh1
a4 16. c4 Nd3 17. Bxd3 Qxd4 18. Nf3 Qxf4 19. cxd5 exd5 20. Nd4 Qxd4 21. e6 Bd6
22. exd7+ Kd8 23. Rxf7 a3 24. Rc1 Qe5 25. Qg1 axb2 26. Re1 Bc5 27. Rxe5 Bxg1 28.
Kxg1 Rxa2 29. Re1 Ra1 30. Bb1 Kc7 31. Rf2 Kxd7 32. Rxb2 Kd6 33. Rxb4 Rc8 34. Rd1
g5 35. Rbd4 Rc5 36. R4d2 Ke5 37. Kf2 h5 38. Bg6 Rxd1 39. Rxd1 h4 40. Kf3 Rc6 41.
Rxd5+ 1-0

[Event "22nd European Teams"]
[Site "Batumi GEO"]
[Date "2019.11.02"]
[Round "9.19"]
[Board "2"]
[White "Laurusas, Tomas"]
[Black "Ashiku, Franc"]
[Result "1-0"]
[WhiteTitle "IM"]
[BlackTitle "FM"]
[WhiteElo "2501"]
[BlackElo "2424"]
[WhiteTeam "Lithuania"]
[BlackTeam "Albania"]
[WhiteFideId "12803731"]
[BlackFideId "4700066"]
[EventDate "2019.10.24"]

1. c4 f5 2. d4 Nf6 3. Nf3 d6 4. g3 g6 5. Bg2 Bg7 6. Nc3 O-O 7. O-O c6 8. b3 Na6
9. Bb2 Qc7 10. d5 e5 11. dxe6 Bxe6 12. Ng5 Bd7 13. Rc1 Rad8 14. Qc2 Bc8 15. Rfd1
Qe7 16. e3 Ng4 17. Nf3 Be6 18. Ne2 Ne5 19. Nf4 Bf7 20. h4 h6 21. Nd4 Qf6 22.
Nfe2 d5 23. cxd5 Nb4 24. Qb1 Nxd5 25. h5 g5 26. Qxf5 Bxh5 27. Qxf6 Rxf6 28. Nxc6
Rxc6 29. Rxd5 Rdc8 30. Rxc6 bxc6 31. Rd2 c5 32. f4 Ng4 33. Bxg7 Kxg7 34. Rd7+
Kf6 35. Bf3 Ke6 36. Rxa7 Rd8 37. Ra6+ Ke7 38. Nc3 Rd3 39. Nd5+ Kf8 40. Ra8+ Kg7
41. Ra7+ Kf8 42. f5 Nf6 43. Nxf6 Bxf3 44. e4 g4 45. Nh7+ Kg8 46. f6 1-0

[Event "22nd European Teams"]
[Site "Batumi GEO"]
[Date "2019.11.02"]
[Round "9.19"]
[Board "3"]
[White "Pasko, Llambi"]
[Black "Brazdzionis, Andrius"]
[Result "0-1"]
[WhiteTitle "IM"]
[WhiteElo "2443"]
[BlackElo "2355"]
[WhiteTeam "Albania"]
[BlackTeam "Lithuania"]
[WhiteFideId "4701178"]
[BlackFideId "12804479"]
[EventDate "2019.10.24"]

1. d4 Nf6 2. c4 e6 3. Nf3 d5 4. Nc3 Bb4 5. cxd5 exd5 6. Bg5 h6 7. Bh4 O-O 8. e3
Bf5 9. Qb3 Bxc3+ 10. bxc3 Nbd7 11. Qxb7 c5 12. Qa6 c4 13. Nd2 Qb6 14. Qa3 Rab8
15. Bg3 Qb2 16. Qxb2 Rxb2 17. Be2 Re8 18. Bd1 Re6 19. a4 a5 20. Bc7 Nb6 21. Be5
Nfd7 22. Bf4 g5 23. Bc7 Nf6 24. h4 g4 25. h5 Nbd7 26. Rh4 Kh7 27. Rc1 Ra6 28.
Nf1 Bd3 29. Ng3 Ra2 30. Bd8 Ra8 31. Bc7 Ra7 32. Bd8 Rb7 33. Bxa5 Rbb2 34. Nh1 g3
35. Rf4 Ne4 36. Bf3 Re2+ 37. Bxe2 Rxe2+ 38. Kd1 gxf2 39. Nxf2 Nxf2+ 40. Rxf2
Rxf2 41. Bc7 Nf6 42. Bg3 Rxg2 0-1